[Event "Nordic-ch U15"]
[Site "Heinola"]
[Date "2018.02.10"]
[Round "4"]
[White "Briem, Stephan"]
[Black "Nielsen, Suni i Horni"]
[Result "1-0"]
[WhiteElo "1876"]
[BlackElo "1454"]
[PlyCount "77"]
[EventDate "2018.02.09"]
[EventType "swiss"]
[EventRounds "6"]
[EventCountry "FIN"]
[SourceTitle "EXT 2019"]
[Source "ChessBase"]
[SourceDate "2018.10.10"]
[SourceVersion "1"]
[SourceVersionDate "2018.10.10"]
[SourceQuality "1"]

1. Nf3 Nc6 2. d4 d5 3. Bf4 Bf5 4. c3 Nf6 5. e3 a6 6. Bd3 Bg6 7. h3 e6 8. 0-0 Bd6 9. Ne5 Bxe5 10. Bxe5 Nxe5 11. dxe5 Ne4 12. Qc2 Qh4 13. c4 Ng5 14. Kh2 c5 15. Nd2 b5 16. f4 Ne4 17. Nxe4 Bxe4 18. Bxe4 dxe4 19. cxb5 0-0 20. bxa6 Rxa6 21. Qxe4 Qe7 22. Rfd1 Rfa8 23. Rd2 g6 24. a3 Rd8 25. Rad1 Rxd2 26. Rxd2 Ra7 27. Qd3 Kg7 28. Qd8 Qb7 29. Qf6+ Kh6 30. g4 Qf3 31. Qh8 f5 32. Qf8+ Rg7 33. g5+ Kh5 34. Qxg7 Kh4 35. Qxh7+ Qh5 36. Rd7 c4 37. a4 c3 38. bxc3 Qxh7 39. Rxh7# 1-0

[Event "Nordic-ch U15"]
[Site "Heinola"]
[Date "2018.02.09"]
[Round "1"]
[White "Mai, Alexander Oliver"]
[Black "Nielsen, Suni i Horni"]
[Result "1-0"]
[WhiteElo "1981"]
[BlackElo "1454"]
[PlyCount "89"]
[EventDate "2018.02.09"]
[EventType "swiss"]
[EventRounds "6"]
[EventCountry "FIN"]
[SourceTitle "EXT 2019"]
[Source "ChessBase"]
[SourceDate "2018.10.10"]
[SourceVersion "1"]
[SourceVersionDate "2018.10.10"]
[SourceQuality "1"]

1. e4 e5 2. Nf3 Nc6 3. Nc3 Nf6 4. Bb5 a6 5. Bxc6 dxc6 6. Nxe5 Bc5 7. 0-0 0-0 8. d3 h6 9. h3 Re8 10. Nf3 b5 11. Be3 Be7 12. Qd2 Kh7 13. Ne2 c5 14. Ng3 Ng8 15. Rad1 Bb7 16. Nf5 Bd6 17. Qc3 Qf6 18. Qxf6 Nxf6 19. Rfe1 Rad8 20. Bd2 Be5 21. Nxe5 Rxe5 22. Bf4 Re6 23. Bxc7 Rde8 24. Nd6 R8e7 25. Bd8 Rd7 26. Nxb7 Rxb7 27. Bxf6 Rxf6 28. d4 cxd4 29. Rxd4 Rc7 30. Re2 Re6 31. f4 Rec6 32. c3 a5 33. a3 f6 34. Kf2 g6 35. e5 fxe5 36. Rxe5 Rc5 37. Rxc5 Rxc5 38. Ke3 Kg7 39. Ke4 Kf6 40. Rd6+ Kf7 41. Rb6 a4 42. Rd6 h5 43. Rd5 Rc6 44. Rxb5 Rc4+ 45. Ke3 1-0

[Event "FAI-chT3 1718"]
[Site "Faroe Islands"]
[Date "2018.01.20"]
[Round "4.4"]
[White "Nielsen, Suni i Horni"]
[Black "Hansen, Jogvan Ingvard"]
[Result "0-1"]
[WhiteElo "1270"]
[BlackElo "1463"]
[PlyCount "108"]
[EventDate "2017.10.22"]
[EventType "team-tourn"]
[EventRounds "9"]
[EventCountry "FAI"]
[SourceTitle "EXT 2020"]
[Source "ChessBase"]
[SourceDate "2019.10.17"]
[SourceVersion "1"]
[SourceVersionDate "2019.10.17"]
[SourceQuality "1"]
[WhiteTeam "Sandavagur IV"]
[BlackTeam "Toftir"]
[WhiteTeamCountry "FAI"]
[BlackTeamCountry "FAI"]

1. e4 c5 2. Nf3 g6 3. d4 cxd4 4. Nxd4 Bg7 5. Be3 Nc6 6. Bc4 Nf6 7. Nxc6 bxc6 8. e5 Qa5+ 9. Nc3 Qxe5 10. 0-0 Ne4 11. Nxe4 Qxe4 12. Bd3 Qb4 13. Rb1 0-0 14. Re1 a5 15. Bd2 Qd6 16. Qe2 Re8 17. a4 Qc7 18. b3 d5 19. Qe3 e5 20. Qg3 Bb7 21. f3 Qd8 22. Rbd1 Bf6 23. Qf2 Bh4 24. g3 Bf6 25. Re2 Qc7 26. Rde1 Bg7 27. Bc3 Re6 28. Bd2 f5 29. c3 e4 30. fxe4 fxe4 31. Bc2 Ba6 32. c4 Bb7 33. Qc5 Bf8 34. Qd4 c5 35. Qf2 Rae8 36. cxd5 Bxd5 37. Be3 c4 38. bxc4 Bxc4 39. Rd2 Bb4 40. Red1 Bxd2 41. Rxd2 Rf8 42. Bf4 Rxf4 43. Qxf4 Qxf4 44. gxf4 Kf7 45. Rd4 e3 46. Re4 Rxe4 47. Bxe4 Bb3 48. Bc6 Ke6 49. Kf1 Kf5 50. Ke2 Kxf4 51. Bb5 g5 52. h3 h5 53. Bd7 h4 54. Bb5 Be6 0-1

[Event "Faroes op"]
[Site "Kollafjord"]
[Date "2017.07.13"]
[Round "2"]
[White "Nielsen, Suni i Horni"]
[Black "Petersen, Gutti"]
[Result "1/2-1/2"]
[WhiteElo "1270"]
[BlackElo "1652"]
[PlyCount "138"]
[EventDate "2017.07.12"]
[EventType "swiss"]
[EventRounds "9"]
[EventCountry "FAI"]
[SourceTitle "EXT 2018"]
[Source "ChessBase"]
[SourceDate "2017.10.13"]
[SourceVersion "1"]
[SourceVersionDate "2017.10.13"]
[SourceQuality "1"]

1. e4 e6 2. d4 d5 3. e5 c5 4. c3 Nc6 5. Bb5 Qb6 6. Bxc6+ bxc6 7. Nf3 Ba6 8. b3 cxd4 9. cxd4 Bb4+ 10. Bd2 Bxd2+ 11. Qxd2 Ne7 12. Nc3 Rb8 13. Na4 Qb4 14. Qxb4 Rxb4 15. Nc5 Bc8 16. 0-0 0-0 17. a3 Rb6 18. a4 a5 19. Rfe1 Rb4 20. Rab1 h6 21. Nd3 Rb6 22. b4 axb4 23. Rxb4 Rxb4 24. Nxb4 Bd7 25. a5 Ra8 26. a6 Ra7 27. Nd2 Bc8 28. Ra1 Kf8 29. Nb3 Ke8 30. Nc5 Kd8 31. g4 Kc7 32. f3 Kb6 33. Kf2 f6 34. f4 fxe5 35. fxe5 g5 36. Kg3 Ng6 37. Rb1 Kc7 38. Re1 Nf4 39. h4 Kb6 40. Kf3 Rf7 41. Kg3 gxh4+ 42. Kh2 Ng6 43. Rb1 Kb5 44. Nxd5+ Kc4 45. Nb6+ Kxd4 46. Nxc8 Kxc5 47. a7 Rf2+ 48. Kg1 Ra2 49. Rc1+ Kb5 50. Nd6+ Kb6 51. Nc8+ Kc7 52. Rb1 Kxc8 53. Rb8+ Kc7 54. a8Q Rxa8 55. Rxa8 Nxe5 56. Rg8 Kd6 57. Kg2 c5 58. g5 hxg5 59. Rxg5 c4 60. Kf2 Nd3+ 61. Ke3 e5 62. Rh5 Kd5 63. Rxh4 Nf4 64. Rh1 Nd3 65. Rh2 Kc5 66. Rd2 Kd5 67. Rxd3+ cxd3 68. Kxd3 e4+ 69. Ke3 Ke5 1/2-1/2

[Event "Faroes op"]
[Site "Kollafjord"]
[Date "2017.07.12"]
[Round "1"]
[White "Nielsen, Hogni Egilstoft"]
[Black "Nielsen, Suni i Horni"]
[Result "1-0"]
[WhiteElo "2323"]
[BlackElo "1270"]
[PlyCount "65"]
[EventDate "2017.07.12"]
[EventType "swiss"]
[EventRounds "9"]
[EventCountry "FAI"]
[SourceTitle "EXT 2018"]
[Source "ChessBase"]
[SourceDate "2017.10.13"]
[SourceVersion "1"]
[SourceVersionDate "2017.10.13"]
[SourceQuality "1"]

1. e4 e5 2. Nf3 Nc6 3. Bc4 Bc5 4. c3 Nf6 5. d4 exd4 6. e5 Qe7 7. 0-0 Ng4 8. cxd4 Bb6 9. h3 Nh6 10. d5 Nd8 11. d6 cxd6 12. exd6 Qf6 13. Re1+ Ne6 14. Nc3 0-0 15. Nd5 Qd8 16. Ne7+ Kh8 17. Bxh6 gxh6 18. Qd2 Ng5 19. Nxg5 hxg5 20. Qxg5 Bd4 21. Re4 Rg8 22. Qxg8+ Qxg8 23. Nxg8 Kxg8 24. Rxd4 b6 25. Rg4+ Kh8 26. Bd5 Rb8 27. Re1 Ba6 28. Re7 Bb5 29. Rxf7 Bd3 30. Rg3 Bf5 31. Rxf5 Re8 32. Kh2 Re5 33. Rf8# 1-0

[Event "Reykjavik op"]
[Site "Reykjavik"]
[Date "2017.04.25"]
[Round "8"]
[White "Gudmarsson, Olafur"]
[Black "Nielsen, Suni i Horni"]
[Result "1-0"]
[WhiteElo "1721"]
[BlackElo "1167"]
[PlyCount "49"]
[EventDate "2017.04.19"]
[EventType "swiss"]
[EventRounds "10"]
[EventCountry "ISL"]
[SourceTitle "CBM 178 Extra"]
[Source "ChessBase"]
[SourceDate "2017.06.22"]
[SourceVersion "1"]
[SourceVersionDate "2017.06.22"]
[SourceQuality "1"]

1. d4 d5 2. Nf3 Nf6 3. e3 Bg4 4. Be2 e6 5. 0-0 Nc6 6. Nfd2 Bxe2 7. Qxe2 Bd6 8. f4 Qe7 9. a3 Ne4 10. c4 Nxd2 11. Nxd2 dxc4 12. Nxc4 Qh4 13. b4 Ne7 14. Nxd6+ cxd6 15. Qb5+ Kf8 16. Qxb7 Rd8 17. Bd2 Nf5 18. Rac1 h6 19. Rc7 Kg8 20. Rxf7 Rh7 21. Rd7 Rf8 22. Qxa7 d5 23. b5 Rd8 24. b6 Nxd4 25. exd4 1-0

[Event "Reykjavik op"]
[Site "Reykjavik"]
[Date "2017.04.22"]
[Round "5"]
[White "Nielsen, Suni i Horni"]
[Black "Leosson, Atli Johann"]
[Result "1/2-1/2"]
[WhiteElo "1167"]
[BlackElo "1773"]
[PlyCount "103"]
[EventDate "2017.04.19"]
[EventType "swiss"]
[EventRounds "10"]
[EventCountry "ISL"]
[SourceTitle "CBM 178 Extra"]
[Source "ChessBase"]
[SourceDate "2017.06.22"]
[SourceVersion "1"]
[SourceVersionDate "2017.06.22"]
[SourceQuality "1"]

1. e4 e5 2. Nf3 Nc6 3. Bc4 Bc5 4. Nc3 Nf6 5. d3 h6 6. a3 d6 7. h3 a5 8. Be3 Nd4 9. Bxd4 Bxd4 10. Nxd4 exd4 11. Ne2 c5 12. Nf4 Bd7 13. Nd5 Nxd5 14. Bxd5 0-0 15. 0-0 Bc6 16. Qh5 Qg5 17. Qxg5 hxg5 18. Bxc6 bxc6 19. b3 Ra7 20. Rfe1 f6 21. a4 Re8 22. Rad1 Rae7 23. Kf1 Kf7 24. g4 Ke6 25. Re2 Ke5 26. Rde1 Kf4 27. Kg2 d5 28. f3 dxe4 29. fxe4 Ke5 30. Kf3 Kd6 31. Kf2 g6 32. Kf3 Rf8 33. Kg3 Ref7 34. Rf2 Re7 35. Rfe2 Re5 36. Kg2 Rfe8 37. Kf3 R8e7 38. Kf2 Rf7 39. Kg3 Re8 40. Kg2 Ref8 41. Rf1 Re8 42. Rfe1 Re5 43. Kg3 Ke7 44. Kg2 Kf8 45. Kg3 Kg7 46. Kg2 Kf8 47. Kg3 Kg7 48. Kg2 Kh6 49. Kg3 Re8 50. Kg2 Ref8 51. Rf2 Kg7 52. Kg3 1/2-1/2

[Event "Reykjavik op"]
[Site "Reykjavik"]
[Date "2017.04.19"]
[Round "1"]
[White "Nielsen, Suni i Horni"]
[Black "Bottema, Martin"]
[Result "0-1"]
[WhiteElo "1167"]
[BlackElo "2114"]
[PlyCount "100"]
[EventDate "2017.04.19"]
[EventType "swiss"]
[EventRounds "10"]
[EventCountry "ISL"]
[SourceTitle "CBM 178 Extra"]
[Source "ChessBase"]
[SourceDate "2017.06.22"]
[SourceVersion "1"]
[SourceVersionDate "2017.06.22"]
[SourceQuality "1"]

1. e4 c5 2. Nf3 e6 3. d4 cxd4 4. Nxd4 Nc6 5. Nxc6 bxc6 6. Nc3 d5 7. exd5 cxd5 8. Bf4 a6 9. Bd3 Nf6 10. 0-0 Bd6 11. Bxd6 Qxd6 12. Qf3 0-0 13. Rad1 Bb7 14. Rfe1 Rfe8 15. Qh3 Rad8 16. Ne2 g6 17. c3 Kg7 18. Ng3 Qf4 19. Bc2 e5 20. Re3 Bc8 21. Ne2 Qc4 22. b3 Qc5 23. Qh4 Ng4 24. Rf3 e4 25. Rf4 f5 26. b4 Qe7 27. Qxe7+ Rxe7 28. Nd4 Rc7 29. Rxg4 fxg4 30. Ne2 g3 31. hxg3 Bg4 32. Kf1 Bxe2+ 33. Kxe2 Rxc3 34. Bb3 d4 35. g4 Kf6 36. Rf1 Ke5 37. g3 Rb8 38. f4+ exf3+ 39. Rxf3 Rxf3 40. Kxf3 Rxb4 41. Ke2 a5 42. Bg8 Rb2+ 43. Kd3 Rg2 44. Bxh7 Rxg3+ 45. Kd2 Rxg4 46. a4 Ke4 47. Ke2 d3+ 48. Kd2 Rg2+ 49. Ke1 Ke3 50. Bxg6 Rg1# 0-1

[Event "Nordic-ch U15"]
[Site "Drammen"]
[Date "2017.02.19"]
[Round "5"]
[White "Nielsen, Suni i Horni"]
[Black "Fjallheim, Leif Reinert"]
[Result "0-1"]
[WhiteElo "1152"]
[BlackElo "1695"]
[PlyCount "62"]
[EventDate "2017.02.17"]
[EventType "swiss"]
[EventRounds "6"]
[EventCountry "NOR"]
[SourceTitle "CBM 177 Extra"]
[Source "ChessBase"]
[SourceDate "2017.04.27"]
[SourceVersion "1"]
[SourceVersionDate "2017.04.27"]
[SourceQuality "1"]

1. e4 e5 2. Nf3 Nc6 3. Nc3 Nf6 4. Bb5 Bc5 5. d3 a6 6. Ba4 h6 7. 0-0 d6 8. h3 0-0 9. Ne2 Ne7 10. c4 Ng6 11. Bd2 c6 12. b4 Ba7 13. Bb3 Be6 14. Nc3 Qc8 15. Kh2 Nh7 16. Bc2 f5 17. exf5 Bxf5 18. Ne4 Qd7 19. Ng3 Be6 20. a4 Nf4 21. Bxf4 exf4 22. Ne2 Ng5 23. Nxg5 hxg5 24. f3 Rf6 25. d4 Bxc4 26. Bb3 Qe6 27. Bxc4 Qxc4 28. Qd2 Re6 29. Rfe1 Rae8 30. Ra2 Re3 31. Rc1 Qxe2 0-1

[Event "FAI-chT3 1617"]
[Site "Faroe Islands"]
[Date "2017.01.15"]
[Round "4.4"]
[White "Tummasarson, Flovin M"]
[Black "Nielsen, Suni i Horni"]
[Result "1-0"]
[WhiteElo "1195"]
[BlackElo "1164"]
[PlyCount "85"]
[EventDate "2016.10.23"]
[EventType "team-tourn"]
[EventRounds "9"]
[EventCountry "FAI"]
[SourceTitle "EXT 2020"]
[Source "ChessBase"]
[SourceDate "2019.10.17"]
[SourceVersion "1"]
[SourceVersionDate "2019.10.17"]
[SourceQuality "1"]
[WhiteTeam "Klaksvik III"]
[BlackTeam "Sandavagur IV"]
[WhiteTeamCountry "FAI"]
[BlackTeamCountry "FAI"]

1. e4 e5 2. Nf3 Nc6 3. Bc4 Bc5 4. d3 d6 5. Nc3 h6 6. Be3 Bb6 7. 0-0 Bg4 8. Nd5 Nf6 9. c3 Nxd5 10. exd5 Ne7 11. Bb5+ c6 12. dxc6 bxc6 13. Ba4 0-0 14. b4 Rc8 15. h3 Bh5 16. Bb3 d5 17. g4 Bg6 18. Nxe5 Qd6 19. Bxb6 axb6 20. Nxg6 Nxg6 21. Qf3 Rce8 22. Rae1 Rxe1 23. Rxe1 Nh4 24. Qe3 b5 25. Kh1 Kh8 26. Qg3 Qxg3 27. fxg3 Nf3 28. Re3 Ng5 29. h4 Ne6 30. c4 d4 31. Re4 Re8 32. cxb5 cxb5 33. Re5 Nc7 34. Rxe8+ Nxe8 35. Bxf7 Nd6 36. Be6 g6 37. g5 h5 38. Kg2 Kg7 39. Kf3 Kf8 40. Kf4 Ke8 41. Ke5 Ke7 42. g4 Nf7+ 43. Bxf7 1-0

[Event "Runavik op"]
[Site "Runavik"]
[Date "2016.11.24"]
[Round "5"]
[White "Nielsen, Suni i Horni"]
[Black "Nielsen, Jon I Horni"]
[Result "0-1"]
[WhiteElo "1156"]
[BlackElo "1316"]
[PlyCount "156"]
[EventDate "2016.11.21"]
[EventType "swiss"]
[EventRounds "9"]
[EventCountry "FAI"]
[SourceTitle "CBM 175 Extra"]
[Source "ChessBase"]
[SourceDate "2016.12.12"]
[SourceVersion "1"]
[SourceVersionDate "2016.12.12"]
[SourceQuality "1"]

1. e4 e5 2. Bc4 Nf6 3. Nf3 Nc6 4. d3 Bc5 5. Be3 Bb6 6. Nc3 d6 7. h3 0-0 8. Nd5 Nxd5 9. Bxd5 Be6 10. c3 Bxd5 11. exd5 Ne7 12. c4 Ng6 13. 0-0 h6 14. d4 f5 15. c5 f4 16. cxb6 fxe3 17. bxc7 exf2+ 18. Rxf2 Qxc7 19. Rc1 Qf7 20. Qf1 Qxd5 21. dxe5 Nxe5 22. a3 Nxf3+ 23. Rxf3 Rxf3 24. Qxf3 Qxf3 25. gxf3 Rf8 26. Kg2 Re8 27. Kf2 Kf7 28. Rc7+ Re7 29. Rc4 d5 30. Rd4 Ke6 31. f4 Rc7 32. Rb4 b6 33. Ke3 Kf5 34. Rd4 Rc5 35. Kd2 Ke6 36. b3 g5 37. fxg5 hxg5 38. h4 gxh4 39. Rxh4 Kd6 40. Kd3 a5 41. b4 axb4 42. Rxb4 b5 43. Rh4 Kc7 44. Rh7+ Kb6 45. Rh6+ Rc6 46. Rh5 Kc5 47. Kc3 Rg6 48. Rh3 Rg4 49. Rf3 Re4 50. Kd3 Ra4 51. Kd2 d4 52. Rf5+ Kc4 53. Rf3 Ra7 54. Rg3 Re7 55. Rg8 Re3 56. Rc8+ Kd5 57. Rb8 Rxa3 58. Rxb5+ Kc4 59. Rb1 Ra2+ 60. Kd1 Kc3 61. Rc1+ Kd3 62. Ke1 Rc2 63. Rd1+ Ke3 64. Kf1 Rd2 65. Re1+ Kf3 66. Kg1 d3 67. Kf1 Rf2+ 68. Kg1 d2 69. Rd1 Re2 70. Kf1 Ke3 71. Rb1 Rh2 72. Kg1 Rh8 73. Rf1 Rg8+ 74. Kh2 Ke2 75. Rg1 Rxg1 76. Kxg1 d1Q+ 77. Kh2 Kf2 78. Kh3 Qh5# 0-1

[Event "FAI-chT3 1617"]
[Site "Faroe Islands"]
[Date "2016.10.23"]
[Round "1.4"]
[White "Nielsen, Suni i Horni"]
[Black "Weihe, Ragnar"]
[Result "0-1"]
[WhiteElo "1164"]
[BlackElo "1395"]
[PlyCount "110"]
[EventDate "2016.10.23"]
[EventType "team-tourn"]
[EventRounds "9"]
[EventCountry "FAI"]
[SourceTitle "EXT 2020"]
[Source "ChessBase"]
[SourceDate "2019.10.17"]
[SourceVersion "1"]
[SourceVersionDate "2019.10.17"]
[SourceQuality "1"]
[WhiteTeam "Sandavagur IV"]
[BlackTeam "Sandavagur III"]
[WhiteTeamCountry "FAI"]
[BlackTeamCountry "FAI"]

1. e4 e5 2. Nf3 Nc6 3. Nc3 Nf6 4. Bb5 a6 5. Ba4 Bc5 6. h3 b5 7. Bb3 d6 8. d3 h6 9. Nd5 Na5 10. Nxf6+ Qxf6 11. Bd5 c6 12. Bb3 Nxb3 13. axb3 0-0 14. Be3 Bxe3 15. fxe3 d5 16. exd5 cxd5 17. 0-0 e4 18. Nd4 Qg5 19. Kh1 Qxe3 20. Nf5 Bxf5 21. Rxf5 Rfd8 22. Qf1 Rd7 23. dxe4 Qxe4 24. c4 dxc4 25. Re1 Qd3 26. bxc4 Qxf1+ 27. Rexf1 bxc4 28. Rc5 Rb8 29. Rb1 Rd4 30. Kg1 Rb3 31. Rc7 Rd2 32. Rf1 Rbxb2 33. Rfxf7 Rxg2+ 34. Kf1 c3 35. Rfd7 Rbf2+ 36. Ke1 c2 37. Rc8+ Rf8 38. Rcc7 a5 39. Rc3 a4 40. Ra7 Rb8 41. Kf1 Rd2 42. Re7 Rb1+ 43. Re1 Rxe1+ 44. Kxe1 Rd1+ 45. Ke2 c1Q 46. Rxc1 Rxc1 47. Kf3 a3 48. Kg4 a2 49. Kh5 a1Q 50. h4 Qe5+ 51. Kg4 Rc4+ 52. Kf3 Qc3+ 53. Ke2 Qb3 54. Ke1 Rc2 55. h5 Qb1# 0-1

[Event "FAI-chT3 1516"]
[Site "Faroe Islands"]
[Date "2016.04.03"]
[Round "6.4"]
[White "Nielsen, Suni i Horni"]
[Black "Tummasarson, Flovin M"]
[Result "0-1"]
[WhiteElo "1108"]
[BlackElo "1000"]
[PlyCount "118"]
[EventDate "2015.10.31"]
[EventType "team-tourn"]
[EventRounds "7"]
[EventCountry "FAI"]
[SourceTitle "EXT 2017"]
[Source "ChessBase"]
[SourceDate "2016.10.25"]
[SourceVersion "1"]
[SourceVersionDate "2016.10.25"]
[SourceQuality "1"]
[WhiteTeam "Sandavagur V"]
[BlackTeam "Klaksvik III"]
[WhiteTeamCountry "FAI"]
[BlackTeamCountry "FAI"]

1. e4 e5 2. Nf3 Nc6 3. Nc3 Nf6 4. Bb5 Bc5 5. h3 d6 6. d3 a6 7. Bxc6+ bxc6 8. Be3 Bb4 9. 0-0 Be6 10. a3 Bxc3 11. bxc3 0-0 12. c4 c5 13. Qe2 h6 14. c3 Qe7 15. d4 Nxe4 16. Bxh6 Nxc3 17. Qc2 Bxc4 18. Ng5 f5 19. Qxc3 Bxf1 20. Rxf1 gxh6 21. Qc4+ Kh8 22. Nf3 Rg8 23. dxe5 dxe5 24. Qc1 Qg7 25. g3 f4 26. g4 h5 27. Nh2 hxg4 28. hxg4 f3 29. Qe3 c6 30. Qxf3 Rae8 31. Kg2 e4 32. Qe3 c4 33. Rh1 Qg6 34. Qc3+ Rg7 35. Nf1+ Kg8 36. Qxc4+ Qe6 37. Qc3 Qxg4+ 38. Ng3 e3 39. Re1 Rge7 40. f3 Qd7 41. Re2 Rc8 42. Qc4+ Kf8 43. Qf4+ Kg8 44. Nh5 Kh8 45. Nf6 Rg7+ 46. Kh2 Rh7+ 47. Nxh7 Qxh7+ 48. Kg2 Rg8+ 49. Qg4 Rxg4+ 50. fxg4 Qe4+ 51. Kh2 Qf3 52. Rb2 e2 53. Rb8+ Kg7 54. Rb7+ Kf8 55. g5 e1Q 56. Rb8+ Ke7 57. Rb7+ Kd8 58. Rb8+ Kc7 59. Rb1 Qeg3# 0-1

[Event "Sandavag op"]
[Site "Sandavag"]
[Date "2015.11.07"]
[Round "5"]
[White "Nielsen, Suni i Horni"]
[Black "Apol, Luitjen Akselsson"]
[Result "0-1"]
[WhiteElo "1108"]
[BlackElo "1255"]
[PlyCount "112"]
[EventDate "2015.11.06"]
[EventType "swiss"]
[EventRounds "7"]
[EventCountry "FAI"]
[SourceTitle "EXT 2017"]
[Source "ChessBase"]
[SourceDate "2016.10.25"]
[SourceVersion "1"]
[SourceVersionDate "2016.10.25"]
[SourceQuality "1"]

1. e4 c5 2. Nc3 Nf6 3. Bc4 e6 4. e5 d5 5. Bb5+ Nfd7 6. d4 a6 7. Bxd7+ Bxd7 8. dxc5 Bxc5 9. Qf3 Nc6 10. Bf4 Nd4 11. Qd3 0-0 12. Be3 Qb6 13. b3 Nf5 14. Bxc5 Qxc5 15. Nf3 Rac8 16. Na4 Qxc2 17. Qxc2 Rxc2 18. Nb6 Bb5 19. Nd2 Rc6 20. Na4 Rfc8 21. f3 Nd4 22. Kf2 Rc2 23. Rhd1 Be2 24. Nb6 R8c6 25. Re1 Rxd2 26. Rac1 Bxf3+ 27. Ke3 Rxc1 28. Rxc1 Re2+ 29. Kxd4 Re4+ 30. Kc3 Bxg2 31. Kb2 g6 32. Nd7 Kg7 33. Rc7 Re2+ 34. Ka3 d4 35. Nf6 Rxe5 36. Ng4 Rd5 37. Kb4 d3 38. Kc3 d2 39. Ne3 d1Q 40. Nxd1 Rxd1 41. Rc4 Rc1+ 42. Kd4 Rxc4+ 43. Kxc4 Bd5+ 44. Kc5 f5 45. Kd4 f4 46. Kd3 f3 47. Ke3 Kf6 48. h4 g5 49. hxg5+ Kxg5 50. Kf2 h5 51. Kg3 h4+ 52. Kf2 h3 53. Kg1 h2+ 54. Kxh2 f2 55. Kg3 f1Q 56. a4 Qg2# 0-1